Państwa o najniższej gęstości zaludnienia graniczące ze sobą - Statystyki

Ogólne statystyki
  • Ten quiz został rozwiązany 1 576 razy
  • Średni wynik to 17 z 25
Statystyki odpowiedzi
Państwo % Poprawnych
Rosja
96%
Mongolia
94%
Kazachstan
90%
Czad
77%
Algieria
76%
Finlandia
75%
Libia
74%
Argentyna
72%
Mali
72%
Niger
71%
Turkmenistan
71%
Norwegia
69%
Brazylia
68%
Mauretania
67%
Boliwia
66%
Paragwaj
65%
Kongo
59%
Republika Środkowoafrykańska
58%
Arabia Saudyjska
55%
Namibia
54%
Oman
52%
Botswana
51%
Gujana
51%
Surinam
51%
Gabon
38%
Nie znaleziono quizów pasujących do podanych kryteriów
Rozkład punktacji
Procent ludzi z każdym wynikiem
Percentyl według liczby udzielonych odpowiedzi
Twoja historia wyników
Nie rozwiązałeś tego quizu